000 00739nam a2200205 a 4500
001 BRCA_2122
005 20190320203657.0
008 120808s1991----mx-#---###---#000-0#spa-#
050 4 _aF1391.P8
_b.L43 66
_c1991
100 1 _aSánchez Santa Ana, Ma. Eugenia
_96417
245 1 0 _aLos juguetes de Puebla
_cMa. Eugenia Sánchez Santa Ana.
260 _aPuebla, México
_bGobierno del Estado de Puebla : Secretaría de Cultura : Comisión Puebla V Centenario
_c1991
300 _a16 p.
_c21 cm.
440 0 _aLecturas Históricas de Puebla
_n66
_96418
504 _aBibliografía: p. 16
651 4 _aPuebla (México)
_xHistoria
_9409
651 4 _aPuebla (México)
_xVida social y costumbres
_9408
653 0 _aVida cotidiana
942 _2lcc
_cB
999 _c1879
_d1879